000 00506nam a2200133Ia 4500
008 160809s9999 xx 000 0 und d
100 _aDimar, Kelsey.
245 _aBook Battles: A Strategic Communication Analysis of Amazon.com’s Dispute with Hachette Book Group and Authors United
245 _cKelsey Dimar, Rachel Ann Kuchar & Matthew W. Ragas.
260 _bCase Studies in Strategic Communication
260 _c2016
650 _xCOMMUNICATION
856 _uhttp://cssc.uscannenberg.org/cases/v5/
999 _c299993
_d299993